Catalog

Record Details

Catalog Search



Available copies

  • 2 of 2 copies available at LARL/NWRL Consortium.

Current holds

0 current holds with 2 total copies.

Show All Copies
Location Call Number / Copy Notes Barcode Shelving Location Status Due Date
Breckenridge Public Library LARGE PRINT M RAN (Text) 33500014274641 New Available -
Fertile Public Library LARGE PRINT M RAN (Text) 33500014274633 New Available -

Record details

  • ISBN: 9781420526981
  • ISBN: 1420526987
  • Physical Description: 521 pages (large print) ; 23 cm.
  • Edition: Large print edition.
  • Publisher: [Waterville, Maine] : Thorndike Press, a part of Gale, a Cengage Company, 2025.

Content descriptions

General Note:
Published in 2025 by arrangement with Little, Brown and Company, a division of Hachette Book Group, ... Read More
Summary, etc.:
"A convict is brutally murdered in his cell deep ... Read More
Source of Description Note:
Description based on publisher data; resource not ... Read More
Subject: Rebus, Inspector (Fictitious character) > Fiction.
Police > Scotland > Edinburgh > Fiction.
Murder > Investigation > Fiction.
Conspiracies > Fiction.
Ex-police officers > Fiction.
Prisoners > Fiction.
Scotland > Fiction.
Edinburgh (Scotland) > Fiction.
Large type books.
Genre: Detective and mystery fiction.
Thrillers (Fiction)
Novels.
Large print books.
LDR 03518cam a2200709 i 4500
001471158
003LARL_NWRL_CONSORTIUM
00520250910185400.0
008250415t20252024meu d 000 1 eng d
040 . ‡aIG# ‡beng ‡erda ‡cIG# ‡dOCP ‡dOCLCO ‡dOCLCQ ‡dIUK ‡dIMT ‡dOCLCO ‡dBKL ‡dYDX ‡dLMJ
019 . ‡a1511441154 ‡a1522513562 ‡a1534887700
020 . ‡a9781420526981 ‡q(large print ; ‡qhardcover alk. paper)
020 . ‡a1420526987 ‡q(large print ; ‡qhardcover alk. paper)
035 . ‡a(OCoLC)1514961418 ‡z(OCoLC)1511441154 ‡z(OCoLC)1522513562 ‡z(OCoLC)1534887700
043 . ‡ae-uk-st
08204. ‡a823/.914 ‡223/eng/20250723
1001 . ‡aRankin, Ian, ‡eauthor. ‡1https://id.oclc.org/worldcat/entity/E39PBJq73fJfXqwyt88H4vFFrq ‡0(LARL_NWRL_CONSORTIUM)153911
24510. ‡aMidnight and blue / ‡cIan Rankin.
250 . ‡aLarge print edition.
264 1. ‡a[Waterville, Maine] : ‡bThorndike Press, a part of Gale, a Cengage Company, ‡c2025.
264 4. ‡c©2024
300 . ‡a521 pages (large print) ; ‡c23 cm.
336 . ‡atext ‡btxt ‡2rdacontent
337 . ‡aunmediated ‡bn ‡2rdamedia
338 . ‡avolume ‡bnc ‡2rdacarrier
340 . ‡nlarge print (16 point) ‡2rdafs
4900 . ‡aInspector Rebus ; ‡v25
500 . ‡aPublished in 2025 by arrangement with Little, Brown and Company, a division of Hachette Book Group, Inc.
520 . ‡a"A convict is brutally murdered in his cell deep in the heart of Scotland's most infamous prison. Sleeping in a cell across the floor lies John Rebus, the equally notorious detective. Stripped of his badge and estranged from his police family, he is now fighting for his own life. As new allies and old enemies circle, even this legendary figure struggles to keep his head. They say old habits die hard, though. The death stirs Rebus's deductive impulses, setting off a chain of scheming criminals, corrupt prison guards and perhaps only one or two good souls who may see it all through. But how do you find a killer in a place full of them?"-- ‡cBack cover.
588 . ‡aDescription based on publisher data; resource not viewed. ‡5TnLvILS
60010. ‡aRebus, ‡cInspector (Fictitious character) ‡vFiction.
650 0. ‡aPolice ‡zScotland ‡zEdinburgh ‡vFiction. ‡0(LARL_NWRL_CONSORTIUM)174214
650 0. ‡aMurder ‡xInvestigation ‡vFiction. ‡0(LARL_NWRL_CONSORTIUM)166203
650 0. ‡aConspiracies ‡vFiction. ‡0(LARL_NWRL_CONSORTIUM)164235
650 0. ‡aEx-police officers ‡vFiction. ‡0(LARL_NWRL_CONSORTIUM)164875
650 0. ‡aPrisoners ‡vFiction. ‡0(LARL_NWRL_CONSORTIUM)166538
651 0. ‡aScotland ‡vFiction. ‡0(LARL_NWRL_CONSORTIUM)167208
651 0. ‡aEdinburgh (Scotland) ‡vFiction. ‡0(LARL_NWRL_CONSORTIUM)164876
650 0. ‡aLarge type books. ‡0(LARL_NWRL_CONSORTIUM)24284
655 7. ‡aDetective and mystery fiction. ‡2lcgft
655 7. ‡aThrillers (Fiction) ‡2lcgft
655 7. ‡aNovels. ‡2lcgft
655 7. ‡aLarge print books. ‡2lcgft
901 . ‡a471158 ‡bAUTOGEN ‡c471158 ‡tbiblio

Additional Resources